000 01605nam0a2200349 4500
001 RU\NLR\bibl\913198
005 20260406165126.0
010 _a5-317-01483-2
_9100
021 _aRU
_b2006-1909
_983
035 _a(NLR Aleph) 000901527
090 _a1777500
_c1777500
100 _a20060306d2005 |||y0rusy50 ca
101 0 _arus
102 _aRU
105 _aa |||||||||
200 1 _aСамойлова Елена Максимовна
_e[сборник]
_fМГУ им. М.В. Ломоносова, Фак. почвоведения
_g[сост. к.б.н. Силева Т.М.
_gпод ред. проф. Владыченского А.С.]
210 _aМосква
_cМАКС Пресс
_d2005
215 _a74, [1] с.
_cпортр.
_d21
225 1 _aПрофессора Московского университета
320 _aБиблиогр.: с. 70-74
600 1 _aСамойлова
_bЕ.М.
_f1934 - 1992
_gЕлена Максимовна
_jСборники
_92421484
_3RU\NLR\auth\661442022
686 _aП03д(2)Самойлова
702 1 _aВладыченский
_bА. С.
_gАлександр Сергеевич
_4340
702 1 _4220
_7ca
_8rus
_aСилёва
_bТ. М.
_gТатьяна Михайловна
_9161903
_3RU\NLR\AUTH\770161947
712 0 2 _4570
_aМГУ им. М. В. Ломоносова
_bФакультет почвоведения
_3RU\NLR\AUTH\889936550
_9367906
801 0 _aRU
_bNLR
_c20060306
_grcr
801 1 _aRU
_bNLR
_c20060306
830 _aсост., ред. по кат.
942 _cBOOK
980 _aNB